| 000 | 00844nmc a2200301 a 4500 | ||
|---|---|---|---|
| 003 | AR-BaBNM | ||
| 005 | 20251128203133.0 | ||
| 008 | 087019s1947 ||||||||||||||000 | spa|| | ||
| 040 | _cAR-BaBNM | ||
| 100 | 1 | _aSalinas, Pedro | |
| 245 | 1 | 0 | _aJorge Manrique, o, Tradición y originalidad |
| 246 | 1 | _aTradición y originalidad | |
| 260 |
_aBuenos Aires _bSudamericana _c1947 |
||
| 300 | 0 | _a243 p. | |
| 490 | 0 | _aHistoria y crítica literarias | |
| 500 | 0 | _aContiene índice alfabético en p. 235-240 | |
| 500 | 0 | _aIndice general en p. 241-243 | |
| 650 | 4 | _aLITERATURA RELIGIOSA | |
| 650 | 4 | _aLITERATURA ESPANOLA | |
| 650 | 4 | _aANALISIS LITERARIO | |
| 650 | 4 | _aCRITICA LITERARIA | |
| 650 | 4 | _aEDAD MEDIA | |
| 650 | 4 | _aCANCIONES FOLKLORICAS | |
| 653 | 0 | _aPOESIA AMOROSA | |
| 655 | _aLITERATURA | ||
| 942 | _cBK | ||
| 998 | _claura | ||
| 999 |
_c2071 _d2071 |
||